The effect of infrastructure on foreign direct investment in Kenya : (Record no. 1470)
[ view plain ]
| 000 -LEADER | |
|---|---|
| fixed length control field | 00891cam a22002292 4500 |
| 001 - CONTROL NUMBER | |
| control field | 0000025220 |
| 005 - DATE AND TIME OF LATEST TRANSACTION | |
| control field | 20151021151153.0 |
| 008 - FIXED-LENGTH DATA ELEMENTS--GENERAL INFORMATION | |
| fixed length control field | 150324s xx 000 0 eng d |
| 020 ## - INTERNATIONAL STANDARD BOOK NUMBER | |
| International Standard Book Number | 996677789x: |
| 040 ## - CATALOGING SOURCE | |
| Original cataloging agency | KABU |
| Transcribing agency | KABU |
| 100 1# - MAIN ENTRY--PERSONAL NAME | |
| Personal name | Nyaosi, Esther Nyabiage. |
| -- | 0000185696 |
| 245 14 - TITLE STATEMENT | |
| Title | The effect of infrastructure on foreign direct investment in Kenya : |
| Remainder of title | discussion paper no. 127 / |
| Statement of responsibility, etc. | by Esther nyabiage Nyaosi. |
| 260 ## - PUBLICATION, DISTRIBUTION, ETC. (IMPRINT) | |
| Place of publication, distribution, etc. | Nairobi : |
| Name of publisher, distributor, etc. | KIPPRA, |
| Date of publication, distribution, etc. | 2013. |
| 300 ## - PHYSICAL DESCRIPTION | |
| Extent | viii, 48 p. |
| 610 20 - SUBJECT ADDED ENTRY--CORPORATE NAME | |
| Corporate name or jurisdiction name as entry element | Kenya. |
| Subordinate unit | Kenya Institute for public policy research and analysis. |
| -- | 0000185687 |
| 650 #0 - SUBJECT ADDED ENTRY--TOPICAL TERM | |
| Topical term or geographic name as entry element | Investments, Foreign |
| Geographic subdivision | Kenya. |
| -- | 0000160743 |
| 650 #0 - SUBJECT ADDED ENTRY--TOPICAL TERM | |
| Topical term or geographic name as entry element | Investments, foreign. |
| General subdivision | Law and legislation |
| Geographic subdivision | Kenya. |
| -- | 0000185697 |
| 650 #0 - SUBJECT ADDED ENTRY--TOPICAL TERM | |
| Topical term or geographic name as entry element | International economic relations. |
| -- | 0000144571 |
| 908 ## - PUT COMMAND PARAMETER (RLIN) | |
| Put command parameter | 150324 |
| 950 ## - LOCAL HOLDINGS (RLIN) | |
| -- | 1 |
| Withdrawn status | Lost status | Source of classification or shelving scheme | Not for loan | Home library | Current library | Date acquired | Total Checkouts | Full call number | Barcode | Date last seen | Price effective from | Koha item type | Copy number |
|---|---|---|---|---|---|---|---|---|---|---|---|---|---|
| Library of Congress Classification | Kabarak, Main Campus | Kabarak, Main Campus | 17/12/2015 | HG3881.5 .N93 2011 c. 1 | 017642 | 17/12/2015 | 17/12/2015 | General Collection | |||||
| Library of Congress Classification | Kabarak, Main Campus | Kabarak, Main Campus | 17/12/2015 | HG3881.5 .N93 2011 c. 2 | 017568 | 17/12/2015 | 17/12/2015 | General Collection | |||||
| Library of Congress Classification | Kabarak, Nakuru City Campus | Kabarak, Nakuru City Campus | 21/10/2015 | HG3881.5 .N93 2011 c. 1 | 017596 | 21/10/2015 | 21/10/2015 | General Collection | |||||
| Library of Congress Classification | Kabarak, Nakuru City Campus | Kabarak, Nakuru City Campus | 21/10/2015 | HG3881.5 .N93 2011 c. 2 | 017606 | 21/10/2015 | 21/10/2015 | General Collection | C.2 |